|
|
|
|
| LEADER |
01808nam a2200505 a 4500 |
| 001 |
GR-Patra5664 |
| 008 |
991022s1990 nyu 000 b eng d |
| 020 |
|
|
|a 0071006834
|
| 040 |
|
|
|a GrPaTEI
|b gre
|c GR-PaULI
|
| 245 |
0 |
0 |
|a Emergency medicine :
|b pretest, self-assessment and review.
|
| 260 |
|
|
|a New York :
|b McGraw-Hill,
|c 1990
|
| 300 |
|
|
|a xiii, 213σ.
|
| 500 |
|
|
|a Bibliography: p.213
|
| 650 |
|
0 |
|a EMERGENCY MEDICINE
|
| 650 |
|
4 |
|a ΑΙΜΑΤΟΛΟΓΙΑ
|
| 650 |
|
4 |
|a ΑΛΛΕΡΓΙΑ
|
| 650 |
|
4 |
|a ΑΣΘΕΝΕΙΕΣ
|
| 650 |
|
4 |
|a ΓΥΝΑΙΚΟΛΟΓΙΑ
|
| 650 |
|
4 |
|a ΔΕΡΜΑ
|
| 650 |
|
4 |
|a ΕΝΔΟΚΡΙΝΙΚΟ ΣΥΣΤΗΜΑ
|
| 650 |
|
4 |
|a ΕΞΕΤΑΣΕΙΣ
|
| 650 |
|
4 |
|a ΕΠΕΙΓΟΥΣΑ ΙΑΤΡΙΚΗ
|
| 650 |
|
4 |
|a ΕΡΩΤΗΣΕΙΣ
|
| 650 |
|
4 |
|a ΙΑΤΡΙΚΗ
|
| 650 |
|
4 |
|a ΚΑΡΔΙΑΓΓΕΙΑΚΟ ΣΥΣΤΗΜΑ
|
| 650 |
|
4 |
|a ΜΑΙΕΥΤΙΚΗ
|
| 650 |
|
4 |
|a ΜΟΛΥΣΜΑΤΙΚΕΣ ΑΣΘΕΝΕΙΕΣ
|
| 650 |
|
4 |
|a ΝΕΥΡΟΛΟΓΙΑ
|
| 650 |
|
4 |
|a ΝΕΦΡΟΙ
|
| 650 |
|
4 |
|a ΟΓΚΟΛΟΓΙΑ
|
| 650 |
|
4 |
|a ΟΥΡΟΠΟΙΗΤΙΚΟ ΣΥΣΤΗΜΑ
|
| 650 |
|
4 |
|a ΠΑΙΔΙΑΤΡΙΚΗ
|
| 650 |
|
4 |
|a ΠΕΠΤΙΚΟ ΣΥΣΤΗΜΑ
|
| 650 |
|
4 |
|a ΠΝΕΥΜΟΝΕΣ
|
| 650 |
|
4 |
|a Ρευματολογία
|
| 650 |
|
4 |
|a ΤΟΞΙΚΟΛΟΓΙΑ
|
| 650 |
|
4 |
|a ΤΡΑΥΜΑΤΑ
|
| 653 |
|
|
|a ΙΑΤΡΙΚΗ, ΕΠΕΙΓΟΥΣΑ - ΕΞΕΤΑΣΕΙΣ, ΕΡΩΤΗΣΕΙΣ, ΚΛΠ
|
| 700 |
1 |
|
|a Cole, Jesse A.
|
| 700 |
1 |
|
|a Plantz, Scott H.
|
| 710 |
0 |
|
|a McGraw-Hill
|
| 942 |
|
|
|2 ddc
|
| 952 |
|
|
|0 0
|1 0
|2 ddc
|4 0
|6 616_025076000000000_EME
|7 0
|9 286721
|a LISK
|b LISK
|c BSC
|d 2021-01-17
|e 24
|f 0
|g 0.00
|l 0
|o 616.025076 EME
|p 9241004812
|r 2021-01-17 00:00:00
|t 1
|w 2021-01-17
|y BK15
|x 19991024 0 1
|x GrPaTEI
|
| 971 |
|
|
|a .b26531720
|b 15-04-20
|c 23-09-16
|
| 999 |
|
|
|c 167278
|d 167278
|